Escritura y lectura. Libro primario de enseñanza simultánea. 1a, 2a, 3a y 4a., parte.
Salvato in:
| Autore principale: | |
|---|---|
| Natura: | Libro |
| Lingua: | spagnolo |
| Pubblicazione: |
México
Librería de la Vda. de Ch. Bouret.
1921
|
| Catalogo: | MANES: Risultati della ricerca del catalogo della biblioteca |
| Libro di testo Classificazione: |
|
| Tags: |
Aggiungi Tag
Nessun Tag, puoi essere il primo ad aggiungerne!!
|
| Aggiunto a: | 2018-10-05 |
| Cambiato in: | 2019-04-29 |
MARC
| LEADER | 00000nam a2200000 4500 | ||
|---|---|---|---|
| 005 | 20190429105159.0 | ||
| 008 | 181006b xxu||||| |||| 00| 0 spa d | ||
| 040 | |a centro_manes |c universidad_colima | ||
| 100 | |9 22547 |a Osuna, Andrés. | ||
| 245 | |a Escritura y lectura. Libro primario de enseñanza simultánea. 1a, 2a, 3a y 4a., parte. | ||
| 260 | |a México |b Librería de la Vda. de Ch. Bouret. |c 1921 | ||
| 300 | |a [s. p.] | ||
| 500 | |a Aparece: Francisco Ziga, "Bibliografía Pedagógica. Libros de texto para enseñanza primaria:1850-1970 V. Libros de Lectura" en Boletín del Instituto de Investigaciones Bibliográficas 1981-1982, Biblioteca Nacional, Hemeroteca Nacional, Universidad Nacional Autónoma de México, Nos. 18 - 19,p. 196. |a Adoptado como obra de texto en las escuelas del Distrito Federal y en muchos estados de la República. | ||
| 691 | 0 | |a PRI | |
| 690 | 0 | |a EyL | |
| 942 | |2 ddc |c BK | ||
| 999 | |c 52283 |d 52283 | ||
| 999 | |c manes:52283 |d 52283 | ||